[Event "26PCR_F"]
[Site "?"]
[Date "2012.10.29"]
[Round "?"]
[White "Benes, Jiri"]
[Black "Pavlicek, Miroslav"]
[Result "1-0"]
[WhiteElo "2106"]
[BlackElo "2272"]
[PlyCount "43"]
[EventDate "2012.??.??"]
[EventType "corr"]
[EventRounds "2"]
[SourceDate "2010.08.23"]

1. c4 e5 2. Nc3 Nf6 3. Nf3 Nc6 4. e4 Bb4 5. Be2 d6 6. d3 h6 7. Be3 O-O 8. a3
Bc5 9. O-O a5 10. d4 exd4 11. Nxd4 Ne5 12. h3 Re8 13. Qc2 Neg4 14. hxg4 Nxg4
15. Bxg4 Bxg4 16. Rae1 c6 17. Nf5 Bxf5 18. exf5 Bxe3 19. Rxe3 Rxe3 20. fxe3 Qb6
21. Qd2 Re8 22. Rf3 1-0

[Event "26PCR_F"]
[Site "?"]
[Date "2012.10.29"]
[Round "?"]
[White "Urban, Milos"]
[Black "Fejfar, Vlastimil"]
[Result "1-0"]
[WhiteElo "2158"]
[BlackElo "2168"]
[PlyCount "87"]
[EventDate "2012.??.??"]
[EventType "corr"]
[EventRounds "2"]
[SourceDate "2010.08.23"]

1. e4 e5 2. Nf3 Nc6 3. Bb5 a6 4. Ba4 Nf6 5. O-O Be7 6. Re1 b5 7. Bb3 O-O 8. c3
d5 9. exd5 Nxd5 10. Nxe5 Nxe5 11. Rxe5 c6 12. d4 Bd6 13. Re1 Qh4 14. g3 Qh3 15.
Qe2 Qg4 16. Qxg4 Bxg4 17. Kg2 Rae8 18. Rxe8 Rxe8 19. Nd2 Re2 20. Nf3 Nf6 21.
Ng5 Re7 22. a4 b4 23. Nf3 Be6 24. Bxe6 Rxe6 25. Bd2 Ne4 26. c4 Nxd2 27. Nxd2
Kf8 28. Kf1 Re8 29. Re1 Rxe1+ 30. Kxe1 Ke7 31. c5 Bc7 32. Ke2 Ke6 33. Kd3 Kd5
34. Nc4 a5 35. b3 Ke6 36. Nb6 Bd8 37. Kc4 f5 38. f4 h6 39. d5+ cxd5+ 40. Nxd5
g5 41. c6 Kd6 42. c7 Bxc7 43. Nxc7 Kxc7 44. Kb5 1-0

[Event "26PCR_F"]
[Site "?"]
[Date "2012.10.29"]
[Round "?"]
[White "Postl, Rostislav"]
[Black "Chvojka, Jaroslav"]
[Result "1-0"]
[WhiteElo "2277"]
[BlackElo "2178"]
[PlyCount "117"]
[EventDate "2012.??.??"]
[EventType "corr"]
[EventRounds "2"]
[SourceDate "2010.08.23"]

1. d4 Nf6 2. Bg5 Ne4 3. Bf4 Nc6 4. e3 g5 5. Bg3 h5 6. Bd3 d5 7. Bxe4 dxe4 8. h4
gxh4 9. Bxh4 Bg4 10. f3 exf3 11. gxf3 Bf5 12. Nc3 Qd6 13. Qe2 O-O-O 14. O-O-O
Bh6 15. Kb1 f6 16. a3 Bg6 17. Bf2 Kb8 18. f4 e6 19. Nf3 Qd7 20. Nh4 Bh7 21. d5
Ne7 22. dxe6 Qxe6 23. Rxd8+ Rxd8 24. Qxh5 Bg8 25. Ng6 Bf7 26. Qh3 Qxh3 27. Rxh3
Nxg6 28. Rxh6 f5 29. e4 Nxf4 30. Kc1 b6 31. exf5 Rf8 32. Bd4 Kc8 33. Kd2 Bg8
34. Rh8 Rd8 35. Kc1 Bf7 36. Rxd8+ Kxd8 37. Kd2 Bg8 38. Ne4 Bd5 39. Nf6 Bg2 40.
Be5 Nd5 41. Ng8 Kd7 42. Nh6 Ke7 43. c4 Nf6 44. Bxc7 Bh3 45. Be5 Ng4 46. Nxg4
Bxg4 47. f6+ Ke6 48. Bd4 Bf5 49. a4 Kf7 50. b4 Bd7 51. b5 Bc8 52. Kc3 Ke6 53.
a5 bxa5 54. Bxa7 Kxf6 55. c5 Ke5 56. Kb3 Ke6 57. Kc4 a4 58. c6 a3 59. Bd4 1-0

[Event "26PCR_F"]
[Site "?"]
[Date "2012.10.29"]
[Round "?"]
[White "Smolka, Jan"]
[Black "Goc, Pavel"]
[Result "1-0"]
[WhiteElo "2137"]
[BlackElo "2118"]
[PlyCount "87"]
[EventDate "2012.??.??"]
[EventType "corr"]
[EventRounds "2"]
[SourceDate "2010.08.23"]

1. d4 Nf6 2. c4 e6 3. Nf3 b6 4. g3 Bb7 5. Bg2 Be7 6. O-O O-O 7. Nc3 Ne4 8. Qc2
Nxc3 9. Qxc3 f5 10. b3 Bf6 11. Bb2 d6 12. Rad1 Nd7 13. Ne1 Bxg2 14. Nxg2 Qe8
15. Qc2 g5 16. f4 Qg6 17. Rfe1 Rf7 18. e4 fxe4 19. Qxe4 Qxe4 20. Rxe4 gxf4 21.
Nxf4 e5 22. Nd5 c5 23. dxe5 Bxe5 24. Nc7 Rc8 25. Bxe5 dxe5 26. Nb5 Rcf8 27. Re2
a5 28. Rd6 Rb8 29. Kg2 Kf8 30. Rd5 Re7 31. Nd6 Re6 32. Nf5 Rb7 33. Red2 Nf6 34.
Rd8+ Ne8 35. Nd6 Rbe7 36. Rb8 e4 37. Rf2+ Kg8 38. Nc8 Rd7 39. Nxb6 Rd1 40. Na4
e3 41. Re2 Kf7 42. Rb7+ Kg6 43. Nxc5 Rf6 44. Re7 1-0

[Event "26PCR_F"]
[Site "?"]
[Date "2012.10.29"]
[Round "?"]
[White "Chvojka, Jaroslav"]
[Black "Smolka, Jan"]
[Result "1/2-1/2"]
[WhiteElo "2178"]
[BlackElo "2137"]
[PlyCount "86"]
[EventDate "2012.??.??"]
[EventType "corr"]
[EventRounds "2"]
[SourceDate "2010.08.23"]

1. d4 Nf6 2. Nf3 d5 3. c4 e6 4. Nc3 Be7 5. cxd5 exd5 6. Bf4 O-O 7. e3 Nbd7 8.
Qc2 c6 9. Bd3 Re8 10. h3 Nf8 11. Be5 Be6 12. O-O h6 13. Ne2 Rc8 14. Nf4 N6d7
15. Rfd1 c5 16. Rac1 c4 17. Nxe6 Nxe6 18. Bh7+ Kh8 19. Bf5 b5 20. Bxe6 fxe6 21.
Qg6 Bf6 22. Bf4 Qe7 23. a3 a5 24. Rc2 Rf8 25. Re2 Qf7 26. Qg3 Nb6 27. Rc1 Kh7
28. Bd6 Rfd8 29. Ne5 Bxe5 30. Bxe5 Qg6 31. Qf4 Rf8 32. Qh4 Rf7 33. f4 Nd7 34.
Qe1 Ra8 35. Rd1 Nf6 36. Bxf6 Rxf6 37. Rc1 Qe4 38. Qd2 b4 39. axb4 axb4 40. Qxb4
Rxf4 41. b3 cxb3 42. Qxb3 Rf6 43. Rf2 Rf5 1/2-1/2

[Event "26PCR_F"]
[Site "?"]
[Date "2012.10.29"]
[Round "?"]
[White "Fejfar, Vlastimil"]
[Black "Postl, Rostislav"]
[Result "0-1"]
[WhiteElo "2168"]
[BlackElo "2277"]
[PlyCount "84"]
[EventDate "2012.??.??"]
[EventType "corr"]
[EventRounds "2"]
[SourceDate "2010.08.23"]

1. e4 e6 2. d4 d5 3. Nd2 dxe4 4. Nxe4 Bd7 5. Nf3 Bc6 6. Bd3 h6 7. O-O Nd7 8.
Bf4 Bxe4 9. Bxe4 c6 10. Re1 Ngf6 11. d5 cxd5 12. Bxd5 Qb6 13. Bb3 Be7 14. Qe2
O-O 15. Rad1 Nc5 16. Be3 Qc7 17. Bc4 Rfd8 18. Bd4 Nce4 19. Bd3 Nc5 20. Be5 Qc6
21. Nd4 Qb6 22. Bb5 a6 23. Bc4 Nfe4 24. Qf3 Bf6 25. Rxe4 Nxe4 26. Qxe4 Bxe5 27.
Qxe5 Qxb2 28. f4 Rd7 29. Rd3 b5 30. Bb3 Rad8 31. c3 Qb1+ 32. Rd1 Qb2 33. f5
exf5 34. Qc5 a5 35. Re1 a4 36. Bc2 Rd5 37. Qc7 Qxa2 38. Bxf5 Qa3 39. Qc6 Qf8
40. Bb1 Kh8 41. Bc2 a3 42. Nxb5 a2 0-1

[Event "26PCR_F"]
[Site "?"]
[Date "2012.10.29"]
[Round "?"]
[White "Stepan, Josef"]
[Black "Urban, Milos"]
[Result "0-1"]
[WhiteElo "1871"]
[BlackElo "2158"]
[PlyCount "42"]
[EventDate "2012.??.??"]
[EventType "corr"]
[EventRounds "2"]
[SourceDate "2010.08.23"]

1. c4 Nf6 2. Nc3 g6 3. d4 Bg7 4. e4 d6 5. Nf3 O-O 6. Be2 e5 7. O-O Nc6 8. d5
Ne7 9. b4 Nh5 10. g3 f5 11. Ng5 Nf6 12. Bf3 c6 13. Ba3 cxd5 14. exd5 h6 15. Ne6
Bxe6 16. dxe6 e4 17. Be2 f4 18. Qb3 f3 19. Bd1 Qc8 20. Bc2 Qxe6 21. Rfe1 Qh3
0-1

[Event "26PCR_F"]
[Site "?"]
[Date "2012.10.29"]
[Round "?"]
[White "Slavik, Miroslav"]
[Black "Benes, Jiri"]
[Result "1/2-1/2"]
[WhiteElo "2222"]
[BlackElo "2106"]
[PlyCount "74"]
[EventDate "2012.??.??"]
[EventType "corr"]
[EventRounds "2"]
[SourceDate "2010.08.23"]

1. d4 Nf6 2. c4 e6 3. Nf3 b6 4. e3 Bb4+ 5. Nbd2 O-O 6. Bd3 Bb7 7. O-O d5 8. a3
Be7 9. b4 a5 10. b5 Nbd7 11. Qc2 c5 12. bxc6 Bxc6 13. cxd5 Bxd5 14. e4 Rc8 15.
Qb1 Ba8 16. Re1 h6 17. a4 Nb8 18. Qb3 Nc6 19. Bb2 Nb4 20. Bc4 Ne8 21. Bc3 Rc7
22. Ne5 Bb7 23. Bf1 Nd6 24. Ndc4 Nxc4 25. Nxc4 Ba6 26. Na3 Qc8 27. Re3 Bg5 28.
Bxa6 Nxa6 29. Rg3 Rd8 30. Nb5 Rc4 31. Rf1 Bh4 32. Rh3 Be7 33. Bd2 Rd7 34. Qg3
Kh7 35. Qf3 Kg8 36. Qg4 Kh7 37. e5 Qf8 1/2-1/2

[Event "26PCR_F"]
[Site "?"]
[Date "2012.10.29"]
[Round "?"]
[White "Urban, Milos"]
[Black "Pavlicek, Miroslav"]
[Result "1/2-1/2"]
[WhiteElo "2158"]
[BlackElo "2272"]
[PlyCount "88"]
[EventDate "2012.??.??"]
[EventType "corr"]
[EventRounds "2"]
[SourceDate "2010.08.23"]

1. e4 c5 2. Nf3 Nc6 3. d4 cxd4 4. Nxd4 Nf6 5. Nc3 e5 6. Ndb5 d6 7. Bg5 a6 8.
Na3 b5 9. Nd5 Be7 10. Bxf6 Bxf6 11. c3 Bg5 12. Nc2 Ne7 13. Be2 O-O 14. Ncb4 a5
15. Nxe7+ Qxe7 16. Nd5 Qb7 17. Qd3 b4 18. cxb4 axb4 19. Qg3 h6 20. h4 Bd8 21.
O-O Be6 22. Bc4 Rc8 23. Rac1 Qa7 24. Rfd1 Kh8 25. b3 Qxa2 26. Nxb4 Qa3 27. Nd5
Bxd5 28. Ra1 Qb2 29. Bxd5 Bb6 30. Bc4 Rc6 31. Rdb1 Qc2 32. Re1 Bd4 33. Rac1 Qd2
34. Rcd1 Qa5 35. Kh1 Qd8 36. Rf1 f5 37. f3 g6 38. h5 gxh5 39. Qh3 h4 40. Bd5
Rc2 41. f4 Rc3 42. Rd3 Rxd3 43. Qxd3 Qf6 44. fxe5 Qxe5 1/2-1/2

[Event "26PCR_F"]
[Site "?"]
[Date "2012.10.29"]
[Round "?"]
[White "Postl, Rostislav"]
[Black "Stepan, Josef"]
[Result "1-0"]
[WhiteElo "2277"]
[BlackElo "1871"]
[PlyCount "59"]
[EventDate "2012.??.??"]
[EventType "corr"]
[EventRounds "2"]
[SourceDate "2010.08.23"]

1. d4 Nf6 2. Bg5 c5 3. Bxf6 gxf6 4. dxc5 Qa5+ 5. Nc3 Qxc5 6. e3 f5 7. Qh5 d6 8.
O-O-O Bg7 9. Bb5+ Nc6 10. Nge2 Bd7 11. Rd5 Qb6 12. Ba4 a6 13. Bb3 Be6 14. Rxf5
Bxb3 15. axb3 Ne5 16. Nd4 Ng6 17. Qh3 e6 18. Rxf7 Kxf7 19. Qxe6+ Kf8 20. Qf5+
Ke8 21. Nd5 Qd8 22. Ne6 Qd7 23. Ndc7+ Ke7 24. Nd5+ Ke8 25. Ndc7+ Ke7 26. Rd1
Rac8 27. Nd5+ Ke8 28. Nxg7+ Qxg7 29. Qxc8+ Kf7 30. Qf5+ 1-0

[Event "26PCR_F"]
[Site "?"]
[Date "2012.10.29"]
[Round "?"]
[White "Smolka, Jan"]
[Black "Fejfar, Vlastimil"]
[Result "1-0"]
[WhiteElo "2137"]
[BlackElo "2168"]
[PlyCount "85"]
[EventDate "2012.??.??"]
[EventType "corr"]
[EventRounds "2"]
[SourceDate "2010.08.23"]

1. d4 f5 2. g3 Nf6 3. Bg2 d6 4. Nf3 e6 5. O-O Be7 6. c4 O-O 7. Nc3 Qe8 8. Re1
Qg6 9. Qb3 c6 10. d5 Ne4 11. Nxe4 fxe4 12. Nd2 b5 13. dxc6 bxc4 14. Qa4 d5 15.
Nxe4 dxe4 16. Qxc4 Na6 17. Bxe4 Qf6 18. Be3 Nc7 19. Red1 Qxb2 20. Bd4 Qb5 21.
Qxb5 Nxb5 22. c7 Nxc7 23. Be5 Ba6 24. Bxa8 Nxa8 25. Rd7 Re8 26. Kf1 Nb6 27.
Rxa7 Bc4 28. Rc1 Bd5 29. Rcc7 Bf8 30. a4 Rc8 31. a5 Rxc7 32. Rxc7 Nc4 33. Bc3
Nd6 34. a6 Nb5 35. Rc8 Kf7 36. Be5 Be7 37. f3 Na7 38. Rc1 Nb5 39. e4 Bb3 40.
Kg2 h5 41. Rb1 Bc4 42. Ra1 Bf6 43. Bxf6 1-0

[Event "26PCR_F"]
[Site "?"]
[Date "2012.10.29"]
[Round "?"]
[White "Goc, Pavel"]
[Black "Chvojka, Jaroslav"]
[Result "1/2-1/2"]
[WhiteElo "2118"]
[BlackElo "2178"]
[PlyCount "83"]
[EventDate "2012.??.??"]
[EventType "corr"]
[EventRounds "2"]
[SourceDate "2010.08.23"]

1. e4 c6 2. d4 d5 3. exd5 cxd5 4. Bd3 Nc6 5. c3 Nf6 6. Bf4 g6 7. Nf3 Nh5 8. Be3
Bg7 9. Nbd2 Qd6 10. O-O O-O 11. Re1 Nf4 12. Bxf4 Qxf4 13. Qe2 Re8 14. Qe3 Qxe3
15. Rxe3 Rb8 16. Rae1 Bh6 17. R3e2 Bg4 18. h3 Bxd2 19. Rxd2 Bxf3 20. gxf3 b5
21. f4 b4 22. f5 Kg7 23. fxg6 hxg6 24. Rde2 e6 25. Kg2 bxc3 26. bxc3 Rec8 27.
Kf3 Na5 28. Rc1 Nc4 29. Bxc4 Rxc4 30. Re3 a5 31. Rc2 Rb1 32. Ke2 Ra1 33. Kf3
Rh1 34. Kg2 Rb1 35. Kf3 a4 36. Ke2 Rc7 37. Kd3 Rd1+ 38. Rd2 Ra1 39. Ree2 a3 40.
Rc2 Kf6 41. Kd2 Rb7 42. c4 1/2-1/2

[Event "26PCR_F"]
[Site "?"]
[Date "2012.10.29"]
[Round "?"]
[White "Fejfar, Vlastimil"]
[Black "Goc, Pavel"]
[Result "1-0"]
[WhiteElo "2168"]
[BlackElo "2118"]
[PlyCount "91"]
[EventDate "2012.??.??"]
[EventType "corr"]
[EventRounds "2"]
[SourceDate "2010.08.23"]

1. e4 e5 2. Nc3 Nf6 3. f4 d5 4. fxe5 Nxe4 5. Nf3 Be7 6. Qe2 Nxc3 7. dxc3 c5 8.
Bf4 Nc6 9. O-O-O Be6 10. Kb1 Qa5 11. Bd2 O-O 12. h4 Rfd8 13. Ng5 Bxg5 14. hxg5
Bf5 15. Qf2 Ne7 16. Be3 d4 17. cxd4 cxd4 18. Bxd4 Qd5 19. Ka1 Rac8 20. c3 Qe6
21. Be2 a6 22. Rhf1 Bg6 23. Qf4 Nd5 24. Qg3 Bf5 25. Qh4 Ne7 26. Rf2 Ng6 27. Qg3
b5 28. Rff1 Rc7 29. Qf3 Bc2 30. Rc1 Rd5 31. g4 Nf8 32. Qe3 Qg6 33. Bf3 Rdd7 34.
Rf2 Ne6 35. Bb6 Rd3 36. Qe4 Rxf3 37. Qxf3 Be4 38. Qd1 Rc8 39. Qd7 Rf8 40. Be3
Rd8 41. Qe7 Bc6 42. Rcf1 Rd7 43. Qe8+ Nf8 44. Qb8 Rb7 45. Qa8 Bd5 46. Bc5 1-0

[Event "26PCR_F"]
[Site "?"]
[Date "2012.10.29"]
[Round "?"]
[White "Stepan, Josef"]
[Black "Smolka, Jan"]
[Result "0-1"]
[WhiteElo "1871"]
[BlackElo "2137"]
[PlyCount "44"]
[EventDate "2012.??.??"]
[EventType "corr"]
[EventRounds "2"]
[SourceDate "2010.08.23"]

1. c4 e5 2. g3 Nf6 3. Bg2 Bc5 4. e3 Nc6 5. Ne2 d5 6. cxd5 Nxd5 7. Nbc3 Ndb4 8.
O-O O-O 9. a3 Nd3 10. b4 Bb6 11. Nd5 Be6 12. Nec3 f5 13. Nxb6 axb6 14. Qc2
Ncxb4 15. Qb1 Nc6 16. e4 fxe4 17. Nxe4 Qd4 18. Qc2 Bd5 19. Qc3 Rad8 20. Qxd4
Nxd4 21. Rb1 Ne2+ 22. Kh1 Bxe4 0-1

[Event "26PCR_F"]
[Site "?"]
[Date "2012.10.29"]
[Round "?"]
[White "Pavlicek, Miroslav"]
[Black "Postl, Rostislav"]
[Result "1/2-1/2"]
[WhiteElo "2272"]
[BlackElo "2277"]
[PlyCount "65"]
[EventDate "2012.??.??"]
[EventType "corr"]
[EventRounds "2"]
[SourceDate "2010.08.23"]

1. e4 e6 2. d4 d5 3. Nd2 dxe4 4. Nxe4 Bd7 5. Nf3 Bc6 6. Bd3 Nd7 7. c4 Ngf6 8.
Nc3 Bxf3 9. Qxf3 c5 10. d5 Ne5 11. Qe2 Nxd3+ 12. Qxd3 exd5 13. cxd5 Bd6 14. O-O
O-O 15. Re1 h6 16. Bd2 Re8 17. Rxe8+ Qxe8 18. g3 Qd7 19. Ne4 Nxe4 20. Qxe4 Re8
21. Qf3 Qa4 22. Qf5 g6 23. Qf3 Qd4 24. Bc3 Qe4 25. Kg2 Kf8 26. Re1 Qxf3+ 27.
Kxf3 Rxe1 28. Bxe1 Ke7 29. Ke4 f5+ 30. Kd3 b5 31. Bc3 g5 32. a4 bxa4 33. Kc4
1/2-1/2

[Event "26PCR_F"]
[Site "?"]
[Date "2012.10.29"]
[Round "?"]
[White "Slavik, Miroslav"]
[Black "Urban, Milos"]
[Result "1/2-1/2"]
[WhiteElo "2222"]
[BlackElo "2158"]
[PlyCount "84"]
[EventDate "2012.??.??"]
[EventType "corr"]
[EventRounds "2"]
[SourceDate "2010.08.23"]

1. d4 d5 2. Nf3 Nf6 3. Nbd2 e6 4. e3 b6 5. Bd3 c5 6. dxc5 Bxc5 7. O-O O-O 8. e4
Nbd7 9. exd5 Nxd5 10. c4 N5f6 11. Ne4 Bb7 12. Qe2 Qc7 13. Bg5 Bxe4 14. Bxe4
Rac8 15. Rad1 h6 16. Bc1 Nxe4 17. Qxe4 Nf6 18. Qh4 Be7 19. b3 Rfd8 20. a4 a6
21. Bb2 Rxd1 22. Rxd1 b5 23. axb5 axb5 24. Ne5 bxc4 25. Nxc4 Qb7 26. Rd3 Rc5
27. Bxf6 Bxf6 28. Qg4 h5 29. Qf3 Qa7 30. h3 Rf5 31. Qe2 g6 32. Qd2 h4 33. Kf1
Qa8 34. Qe2 Kg7 35. Nd6 Ra5 36. Rd1 Ra1 37. Qe1 Ra3 38. Qb4 Ra2 39. Qe1 Kg8 40.
Ne4 Be7 41. Kg1 Qb7 42. Rb1 Qb6 1/2-1/2

[Event "26PCR_F"]
[Site "?"]
[Date "2012.10.29"]
[Round "?"]
[White "Urban, Milos"]
[Black "Benes, Jiri"]
[Result "1-0"]
[WhiteElo "2158"]
[BlackElo "2106"]
[PlyCount "55"]
[EventDate "2012.??.??"]
[EventType "corr"]
[EventRounds "2"]
[SourceDate "2010.08.23"]

1. e4 c5 2. Nf3 d6 3. d4 cxd4 4. Nxd4 Nf6 5. Nc3 g6 6. Be3 Bg7 7. f3 Bd7 8. Qd2
Nc6 9. O-O-O O-O 10. g4 Ne5 11. Be2 Rc8 12. Kb1 Nc4 13. Bxc4 Rxc4 14. h4 h5 15.
gxh5 Nxh5 16. Nde2 b6 17. Rdg1 Rc8 18. Nd5 e6 19. Ndf4 Nxf4 20. Nxf4 Ba4 21. c3
d5 22. h5 dxe4 23. Qh2 g5 24. h6 Bf6 25. Nh5 Kh7 26. Nxf6+ Qxf6 27. Rxg5 e5 28.
Qh4 1-0

[Event "26PCR_F"]
[Site "?"]
[Date "2012.10.29"]
[Round "?"]
[White "Smolka, Jan"]
[Black "Pavlicek, Miroslav"]
[Result "1/2-1/2"]
[WhiteElo "2137"]
[BlackElo "2272"]
[PlyCount "61"]
[EventDate "2012.??.??"]
[EventType "corr"]
[EventRounds "2"]
[SourceDate "2010.08.23"]

1. d4 d5 2. c4 c6 3. Nf3 Nf6 4. Nc3 a6 5. e3 b5 6. b3 Bf5 7. Bd3 Bxd3 8. Qxd3
e6 9. O-O Nbd7 10. Re1 dxc4 11. bxc4 Nb6 12. cxb5 axb5 13. e4 Be7 14. Ne5 Qc8
15. Bf4 b4 16. Ne2 Nbd7 17. Rac1 Nxe5 18. Bxe5 O-O 19. d5 Nd7 20. Bb2 Rxa2 21.
Rxc6 Qa8 22. Bd4 exd5 23. exd5 Bf6 24. Ng3 Qa3 25. Qe4 Bxd4 26. Qxd4 Qa7 27.
Qxa7 Rxa7 28. Rb1 g6 29. d6 Rb8 30. h3 b3 31. Rc7 1/2-1/2

[Event "26PCR_F"]
[Site "?"]
[Date "2012.10.29"]
[Round "?"]
[White "Goc, Pavel"]
[Black "Stepan, Josef"]
[Result "1-0"]
[WhiteElo "2118"]
[BlackElo "1871"]
[PlyCount "41"]
[EventDate "2012.??.??"]
[EventType "corr"]
[EventRounds "2"]
[SourceDate "2010.08.23"]

1. d4 Nf6 2. Nf3 e6 3. Bg5 d5 4. e3 Be7 5. c4 Nbd7 6. Nc3 O-O 7. Qc2 a6 8. c5
c6 9. Bd3 b6 10. Ne5 Nxe5 11. dxe5 Nd7 12. Bxh7+ Kh8 13. h4 Nxe5 14. Bf4 f5 15.
cxb6 Kxh7 16. Bxe5 Qxb6 17. g4 Bf6 18. Bxf6 Rxf6 19. g5 Rf8 20. Qe2 Rh8 21.
Qh5+ 1-0

[Event "26PCR_F"]
[Site "?"]
[Date "2012.10.29"]
[Round "?"]
[White "Chvojka, Jaroslav"]
[Black "Fejfar, Vlastimil"]
[Result "1-0"]
[WhiteElo "2178"]
[BlackElo "2168"]
[PlyCount "73"]
[EventDate "2012.??.??"]
[EventType "corr"]
[EventRounds "2"]
[SourceDate "2010.08.23"]

1. d4 f5 2. Nf3 Nf6 3. g3 g6 4. Nc3 d5 5. Bf4 e6 6. Qd2 Nc6 7. Bg2 Bb4 8. h4
Qe7 9. Ne5 Nxe5 10. dxe5 Nh5 11. Be3 c5 12. O-O-O d4 13. Bg5 Qd7 14. Bf3 dxc3
15. Qe3 cxb2+ 16. Kb1 Qc7 17. Rd8+ Qxd8 18. Bxd8 Kxd8 19. Qd3+ Ke8 20. Qb5+ Ke7
21. c3 Bd7 22. Qc4 b5 23. Qd3 c4 24. Qd4 Rac8 25. cxb4 c3 26. Bb7 Rc7 27. Qd6+
Kd8 28. Ba6 Re8 29. Bxb5 f4 30. g4 Ng7 31. Bxd7 Rxd7 32. Qc6 h5 33. gxh5 Nxh5
34. Qxc3 Ke7 35. Rg1 Kf7 36. Qc2 Rg8 37. Kxb2 1-0

[Event "26PCR_F"]
[Site "?"]
[Date "2012.10.29"]
[Round "?"]
[White "Stepan, Josef"]
[Black "Chvojka, Jaroslav"]
[Result "0-1"]
[WhiteElo "1871"]
[BlackElo "2178"]
[PlyCount "40"]
[EventDate "2012.??.??"]
[EventType "corr"]
[EventRounds "2"]
[SourceDate "2010.08.23"]

1. e4 c6 2. d4 d5 3. Nc3 dxe4 4. Nxe4 Nf6 5. Nxf6+ exf6 6. c3 Bd6 7. Nf3 Bf5 8.
Bd3 Bxd3 9. Qxd3 O-O 10. O-O Na6 11. Re1 Nc5 12. Qc2 Ne6 13. Nh4 Qc7 14. h3
Rfe8 15. Be3 g6 16. Re2 Re7 17. Rae1 Rae8 18. Qd2 Qa5 19. b4 Qb5 20. g4 Nf4 0-1

[Event "26PCR_F"]
[Site "?"]
[Date "2012.10.29"]
[Round "?"]
[White "Pavlicek, Miroslav"]
[Black "Goc, Pavel"]
[Result "1-0"]
[WhiteElo "2272"]
[BlackElo "2118"]
[PlyCount "79"]
[EventDate "2012.??.??"]
[EventType "corr"]
[EventRounds "2"]
[SourceDate "2010.08.23"]

1. e4 e5 2. Nf3 Nc6 3. Bb5 a6 4. Ba4 Nf6 5. d3 d6 6. c3 Be7 7. O-O O-O 8. h3 b5
9. Bc2 Bb7 10. Re1 h6 11. Nbd2 a5 12. Nf1 Re8 13. Ng3 b4 14. Ba4 Nd7 15. Be3
Bf6 16. Qb3 Rb8 17. Qc4 Ne7 18. cxb4 axb4 19. Nh5 c5 20. Nxf6+ gxf6 21. Bb3 d5
22. exd5 f5 23. d6 Nd5 24. Bxh6 Qf6 25. Qh4 Qxd6 26. Qg5+ Qg6 27. Qxg6+ fxg6
28. Ng5 Re7 29. a4 bxa3 30. Rxa3 Bc6 31. d4 cxd4 32. Rc1 Bb7 33. Rc7 Kh8 34.
Bxd5 Bxd5 35. Ra6 Bb3 36. Raa7 d3 37. Rxd7 Rxd7 38. Rxd7 e4 39. Nh7 Be6 40. Re7
1-0

[Event "26PCR_F"]
[Site "?"]
[Date "2012.10.29"]
[Round "?"]
[White "Slavik, Miroslav"]
[Black "Smolka, Jan"]
[Result "1-0"]
[WhiteElo "2222"]
[BlackElo "2137"]
[PlyCount "106"]
[EventDate "2012.??.??"]
[EventType "corr"]
[EventRounds "2"]
[SourceDate "2010.08.23"]

1. e4 e5 2. Nf3 Nc6 3. Bc4 Nf6 4. Ng5 d5 5. exd5 Na5 6. Bb5+ c6 7. dxc6 bxc6 8.
Qf3 Rb8 9. Be2 Be7 10. Qg3 Rb7 11. O-O O-O 12. Ba6 Nh5 13. Qf3 Nf4 14. Ne4 c5
15. d4 cxd4 16. Bxb7 Bxb7 17. Bxf4 exf4 18. Qxf4 f5 19. Ng3 Qd5 20. Qf3 Qc5 21.
Qe2 Qc6 22. f3 Bc5 23. Kh1 Ba6 24. Qd1 Nc4 25. Qc1 Ne3 26. Re1 Qh6 27. Qd2 Bd6
28. Kg1 Rc8 29. c3 Kh8 30. a4 Bf4 31. Qf2 d3 32. Nd2 Nc2 33. Ngf1 Bc7 34. a5
Nxe1 35. Qxe1 Bd6 36. Kh1 Qf6 37. Rd1 Kg8 38. Nb3 Rd8 39. Nd4 g6 40. Nd2 Rc8
41. N2b3 Rb8 42. Qe3 Kf7 43. f4 Re8 44. Qf3 Qe7 45. Kg1 Kg7 46. g3 h6 47. h4 h5
48. Kh2 Rb8 49. Qf2 Qe4 50. Nd2 Qd5 51. b4 Rc8 52. N4f3 Rc7 53. Re1 Bf8 1-0

[Event "26PCR_F"]
[Site "?"]
[Date "2012.10.29"]
[Round "?"]
[White "Benes, Jiri"]
[Black "Postl, Rostislav"]
[Result "0-1"]
[WhiteElo "2106"]
[BlackElo "2277"]
[PlyCount "78"]
[EventDate "2012.??.??"]
[EventType "corr"]
[EventRounds "2"]
[SourceDate "2010.08.23"]

1. c4 e5 2. Nc3 Bb4 3. a3 Bxc3 4. dxc3 d6 5. e4 Be6 6. Nf3 Nd7 7. Be3 h6 8. Qc2
Ngf6 9. h3 a5 10. g4 b6 11. g5 Nh5 12. Rg1 hxg5 13. Nxg5 Nf4 14. Nxe6 Nxe6 15.
O-O-O Qe7 16. Qa4 Kf8 17. Kb1 g6 18. Qc2 Kg7 19. f3 Qf6 20. Qf2 Rh5 21. Rg4
Rah8 22. Qg3 Qe7 23. Qg1 Nf6 24. Rg3 Nf4 25. Qh2 Rh4 26. Rd2 Qe6 27. Bxf4 Rxf4
28. Qg2 Qe7 29. Rf2 Rfh4 30. Qg1 Nh5 31. Rg4 Nf4 32. Qg3 R4h5 33. Rh2 Kf8 34.
Kc2 Qf6 35. Kb1 Ke7 36. h4 Kf8 37. Qe1 Qd8 38. Be2 g5 39. Bf1 Rxh4 0-1

[Event "26PCR_F"]
[Site "?"]
[Date "2012.10.29"]
[Round "?"]
[White "Smolka, Jan"]
[Black "Benes, Jiri"]
[Result "1/2-1/2"]
[WhiteElo "2137"]
[BlackElo "2106"]
[PlyCount "77"]
[EventDate "2012.??.??"]
[EventType "corr"]
[EventRounds "2"]
[SourceDate "2010.08.23"]

1. d4 Nf6 2. Nf3 c5 3. c4 cxd4 4. Nxd4 h6 5. Nc3 e5 6. Nf3 Nc6 7. a3 Bc5 8. b4
Bb6 9. c5 Bc7 10. Nb5 Bb8 11. Nd6+ Bxd6 12. cxd6 O-O 13. Bb2 Re8 14. e3 a6 15.
Bc4 b5 16. Bb3 Bb7 17. O-O a5 18. Qe2 Ba6 19. Rfc1 Bb7 20. Qxb5 Ba6 21. Qa4 Qb8
22. Rxc6 dxc6 23. Nxe5 Rxe5 24. Bxe5 Qe8 25. Qxa5 Bb5 26. Bxf7+ Kxf7 27. Qc7+
Nd7 28. Bb2 g5 29. e4 Ke6 30. f3 Qf8 31. Qb7 Rb8 32. Qa7 Qxd6 33. Qe3 Qd3 34.
Qf2 c5 35. bxc5 Rc8 36. Qd4 Qxd4+ 37. Bxd4 Nxc5 38. Rc1 Kd6 39. g3 1/2-1/2

[Event "26PCR_F"]
[Site "?"]
[Date "2012.10.29"]
[Round "?"]
[White "Goc, Pavel"]
[Black "Slavik, Miroslav"]
[Result "0-1"]
[WhiteElo "2118"]
[BlackElo "2222"]
[PlyCount "38"]
[EventDate "2012.??.??"]
[EventType "corr"]
[EventRounds "2"]
[SourceDate "2010.08.23"]

1. d4 d5 2. Nf3 Nf6 3. e3 e6 4. Bd3 Bd6 5. Nbd2 Nbd7 6. O-O O-O 7. c3 e5 8.
dxe5 Nxe5 9. Nxe5 Bxe5 10. Qc2 c6 11. f4 Bc7 12. e4 Nh5 13. exd5 Bb6+ 14. Kh1
Qh4 15. Bxh7+ Kh8 16. Qd3 cxd5 17. Nb3 Bg4 18. g3 Qh3 19. Nd4 Nxg3+ 0-1

[Event "26PCR_F"]
[Site "?"]
[Date "2012.10.29"]
[Round "?"]
[White "Chvojka, Jaroslav"]
[Black "Pavlicek, Miroslav"]
[Result "0-1"]
[WhiteElo "2178"]
[BlackElo "2272"]
[PlyCount "46"]
[EventDate "2012.??.??"]
[EventType "corr"]
[EventRounds "2"]
[SourceDate "2010.08.23"]

1. d4 d5 2. c4 c6 3. Nf3 Nf6 4. Nc3 a6 5. e3 b5 6. b3 Bf5 7. Bd3 Bxd3 8. Qxd3
e6 9. O-O Nbd7 10. a3 dxc4 11. bxc4 Nb6 12. cxb5 axb5 13. e4 Be7 14. Ne5 Qc8
15. Bg5 h6 16. Be3 Nfd7 17. Nxd7 Qxd7 18. a4 Nxa4 19. Qc2 Nb6 20. d5 Rxa1 21.
Rxa1 Nc8 22. Nxb5 cxb5 23. Ra8 O-O 0-1

[Event "26PCR_F"]
[Site "?"]
[Date "2012.10.29"]
[Round "?"]
[White "Fejfar, Vlastimil"]
[Black "Stepan, Josef"]
[Result "1-0"]
[WhiteElo "2168"]
[BlackElo "1871"]
[PlyCount "51"]
[EventDate "2012.??.??"]
[EventType "corr"]
[EventRounds "2"]
[SourceDate "2010.08.23"]

1. e4 e5 2. Nf3 Nc6 3. Bc4 d6 4. Nc3 Nf6 5. Ng5 d5 6. exd5 Nd4 7. d6 Ne6 8.
dxc7 Qe7 9. Bb5+ Bd7 10. Qf3 Nc5 11. Bc4 Bc6 12. Qe2 Ne6 13. Nxe6 fxe6 14. Qxe5
Nd5 15. d4 Rc8 16. O-O Qf6 17. Bxd5 Bxd5 18. Qg3 Qg6 19. Nxd5 Qxg3 20. fxg3
exd5 21. Bf4 Kd7 22. Be5 Rg8 23. Rf7+ Kc6 24. Re1 Bd6 25. Bxd6 Kxd6 26. Rfe7
1-0